01219nam a22001697a 4500008004100000020001800041040000800059041000800067050002400075100002500099245009100124260004400215300005400259520068400313650003700997655001501034251015b |||||||| |||| 00| 0 eng d a9780525658795 ctbs aeng aTX649.C47bA25 2020 aChild, Juliaeauthor aPeople who love to eat are always the best people b: and other wisdomc/ Julia Child. aNew York, NY :bAlfred A. Knopf,c2020. a147 pages :billustrations (some color) ;c17 cm. aPerfect for home cooks, Julia fans, and anyone who simply loves to eat and drink—a delightful collection of the beloved chef and bestselling author’s words of wisdom on love, life, and, of course, food. “If you’re afraid of butter, use cream.” So decrees Julia Child, the legendary culinary authority and cookbook author who taught America how to cook—and how to eat. This delightful volume of quotations compiles some of Julia’s most memorable lines on eating—”The only time to eat diet food is while you’re waiting for the steak to cook”—on drinking, on life—”I think every woman should have a blowtorch”—on love, travel, France, and much more. 0aCookszUnited StatesvQuotations 0aQuotations